000 00714nam a2200289Ia 4500
005 20260324141222.0
008 008 260324s9999 xx 000 0 eng d
020 _a9780429398346
037 _aEBOOK
040 _aCRL
040 _beng
040 _cCRL
041 _2eng
041 _aeng
084 _qCRL
100 _aAlan Barrett; John Lawlor; Sue Scott
_91207362
245 4 _aThe Fiscal System and the Polluter Pays Principle
245 2 _bA Case Study of Ireland
260 _bTaylor and Francis
260 _c1997
365 _a
365 _b170
856 _uhttp://www.taylorfrancis.com/books/9780429398346
942 _cEBOOK
999 _c1810226
_d1810226